Five Biggest World Cities by Letter #2 - Statistics

General Stats
  • This quiz has been taken 68,961 times
    68,850 since last reset
  • The average score is 28 of 40
Answer Stats
Country Population City % Correct
U.K. 14.7 m London
97%
France 11.4 m Paris
96%
Spain 6.45 m Madrid
95%
Mexico 22.8 m Mexico City
95%
Russia 17.2 m Moscow
95%
U.S. 17.8 m Los Angeles
94%
Peru 9.90 m Lima
93%
South Korea 24.7 m Seoul
93%
Japan 40.2 m Tokyo
93%
Japan 17.7 m Osaka
91%
Brazil 13.1 m Rio de Janeiro
91%
Canada 7.35 m Toronto
91%
Philippines 25.2 m Manila
90%
Italy 3.58 m Rome
90%
U.S. 22.4 m New York City
89%
China 35.9 m Shanghai
89%
Italy 4.23 m Naples
88%
Nigeria 18.8 m Lagos
87%
India 24.7 m Mumbai
87%
Brazil 22.2 m São Paulo
87%
Iran 15.0 m Tehran
87%
Kenya 5.95 m Nairobi
83%
Taiwan 9.10 m Taipei
81%
Saudi Arabia 7.75 m Riyadh
76%
U.S. 7.35 m Philadelphia
75%
U.S. 7.85 m San Francisco
75%
Pakistan 12.6 m Lahore
61%
U.S. 3.38 m Orlando
56%
Burkina Faso 2.53 m Ouagadougou
45%
Japan 10.5 m Nagoya
41%
China 6.70 m Nanjing
40%
U.S. 4.58 m Phoenix
40%
China 13.2 m Tianjin
38%
Brazil 3.83 m Recife
31%
Brazil 4.10 m Porto Alegre
27%
India 6.70 m Pune
25%
Algeria 1.45 m Oran
23%
Pakistan 3.35 m Rawalpindi
16%
China 7.90 m Shenyang
13%
Japan 2.20 m Okayama
8%
No matching quizzes found
Score Distribution
Percent of People with Each Score
Percentile by Number Answered
Your Score History
You have not taken this quiz since the last reset